000 00366nam a22001577a 4500
003 SGT
020 _a978-3-642-30769-0
082 _a617.643
_bC13B
100 _aBERKOWITZ ,SAMUEL
245 _aCLEFT LIP AND PALATE :DIAGNOSIS AND MANAGEMENT
250 _a3RD
260 _aNEW YORK
_bSPRINGER
_c2013
300 _a982
650 _aORTHODONTICS
942 _2ddc
_cBK
999 _c10751
_d10751